| 000 | 00669nam a2200217 a 4500 | ||
|---|---|---|---|
| 001 | 56707 | ||
| 003 | BD-RjUL | ||
| 005 | 20211209080426.0 | ||
| 008 | 161203s19571952enk||||| |||| 001 0 eng d | ||
| 035 | _a(BD-RjUL)56831 | ||
| 040 |
_aBD-RjUL _beng _cBD-RjUL _dBD-RjUL |
||
| 041 | _aeng | ||
| 082 |
_223 _a111.85 _bMOD 1957 |
||
| 245 | 1 |
_aA modern book of esthetics : _ban Anthology / _cedited with introd. and notes by Melvin Rader. |
|
| 260 |
_aNew York : _bHenry Holt and Company, _cc1952 [reprinted 1957] |
||
| 300 |
_axxxviii, 602 p. ; _c20 cm. |
||
| 500 | _aIncludes index. | ||
| 650 |
_aAesthetics. _9124124 |
||
| 700 |
_aRader, Melvin. _9168650 |
||
| 942 |
_2ddc _cBK |
||
| 999 |
_c56707 _d56707 |
||